00478 2200169 4500245004600000020001800046250001100064100001700075650002300092005001900115260004100134041001400175084000800189500007900197490002300276336000900299 aMuatan Lokal Volume 7cDody HidayathText a979-3535-08-3 aCet. 1 aDody Hidayat aEnsiklopedia Iptek a20231108132515 aJakartabPT Ikrar Mandiriabadic2007 aIndonesia a503 aDaftar Isi : Internet RT-RW, Internet Via Kabel Listrik, Jembatan Balerang aEnsiklopedia Iptek atext